000 00893nam a2200253Ia 4500
003 OSt
005 20220923213031.0
006 a|||||r|||| 00| 0
007 ta
008 220922b |||||||| |||| 00| 0 hin d
024 _a158,470
037 _cTextual
040 _aARTS
_cARTS
_bhin
041 _2hin
_ahin
082 _aO152,1(/\25):g, K5
100 _aभ्रमर, रवीन्द्र
245 0 _aहिन्दी भक्ति साहित्य में लोक तत्व
246 _aHindī bhakti sāhitya mean lok tatva
260 _aदिल्ली
_b भारती साहित्य मन्दिर
_c1965
300 _a278पृ.
_ccm.
650 _aहिन्दी साहित्य
_9156264
942 _hO152,1(/\25):g, K5
_cTEXL
_2CC
999 _c313269
_d313269